| 000 | 00550nam a22001697a 4500 | ||
|---|---|---|---|
| 008 | 160505b xxu||||| |||| 00| 0 eng d | ||
| 020 | _a971-933399-5-0 | ||
| 082 |
_22006 _aDFil 371.4 _bL46p |
||
| 100 |
_97612 _aLeaño, Roman D. _bJr. |
||
| 245 |
_aPrinciples and practices of guidance and counseling/ _cRoman D. Leaño, Jr. |
||
| 260 |
_aMakati City: _bMindshapers Co., _cc2006. |
||
| 300 |
_axv, 371 pages; _c22 cm. |
||
| 500 | _aIncludes bibliographical references. | ||
| 650 | 0 |
_97613 _aCounseling. |
|
| 650 | 0 |
_97614 _aGuidance. |
|
| 942 |
_2ddc _cDFIL |
||
| 999 |
_c2323 _d2323 |
||